Library Banner

Kashkool i qalandria= کشکول قلندریہ/ (Record no. 136498)

MARC details
000 -LEADER
fixed length control field 00528nam a22001577a 4500
005 - DATE AND TIME OF LATEST TRANSACTION
control field 20250103122304.0
008 - FIXED-LENGTH DATA ELEMENTS--GENERAL INFORMATION
fixed length control field 250103b |||||||| |||| 00| 0 eng d
040 ## - CATALOGING SOURCE
Transcribing agency PK-LaUMT
082 ## - DEWEY DECIMAL CLASSIFICATION NUMBER
Classification number APC 297.4092
Item number GHU-K
100 ## - MAIN ENTRY--PERSONAL NAME
Personal name Ghulam Rasool Shah Khaki= غلام رسول شاہ خاکی
245 ## - TITLE STATEMENT
Title Kashkool i qalandria= کشکول قلندریہ/
Statement of responsibility, etc by Ghulam Rasool Shah Khaki= غلام رسول شاہ خاکی
260 ## - PUBLICATION, DISTRIBUTION, ETC. (IMPRINT)
Place of publication, distribution, etc Lahore :
Name of publisher, distributor, etc Noor Muhammad Nashran,
Date of publication, distribution, etc NA
300 ## - PHYSICAL DESCRIPTION
Extent 240 p.
546 ## - LANGUAGE NOTE
Language note Urdu
942 ## - ADDED ENTRY ELEMENTS (KOHA)
Koha item type Books
Holdings
Withdrawn status Lost status Damaged status Home library Current library Date acquired Full call number Barcode Date last seen Price effective from Koha item type
      UMT Main Campus UMT Main Campus 2025-01-03 APC 297.4092 GHU-K 148170 2025-01-03 2025-01-03 Books